reyes y pájaros /

Guardado en:
Autor Principal: Bodoc, Liliana
Otros Autores: Trillo, Matías; il.
Formato: Libro
Publicado: Buenos Aires : Norma, 2018.
Series:Torre de Papel. Amarilla
Materias:
Etiquetas: Agregar Etiqueta
Sin Etiquetas, Sea el primero en etiquetar este registro!
LEADER 01019nam a22002415a 4500
001 CEM.cems019052
008 220422s2018##################000#0#####d
005 20220422201202.0
003 CEMS
245 1 0 |a reyes y pájaros /  |c Liliana Bodoc ; ilustrado por Matías Trillo. 
260 |a Buenos Aires :  |b Norma,  |c 2018. 
300 |a 104 p. 
490 0 |a Torre de Papel. Amarilla 
505 0 |a El lugar de los pájaros -- Espanta y Pájaros -- Fermín de la Estrella -- Kin kil -- El lugar de los reyes -- Un soberano en harapos -- El bufón y el juglar -- El día que en Inglaterra murieron dos reyes -- Menfis de perfil -- En este cuento no hay reyes ni pájaros. Este cuento es un error -- Un decreto incomprendido 
020 |a 9789875454385 
100 1 |a Bodoc, Liliana 
700 1 |a Trillo, Matías; il. 
082 0 4 |a A868.4 
653 |a Literatura 
653 |a Literatura argentina 
653 |a Literatura infantil 
653 |a Cuentos infantiles 
859 |a CEMS  |b BIB. CEMS - 11 de abril  |h A868.4  |i B632-1  |p 29299.22  |t Ej. 1